[Event "Bobotsov Memorial 2nd"]
[Site "Sofia"]
[Date "2010.05.02"]
[Round "4"]
[White "Lyubomirov, Ilijan"]
[Black "Kosturski, Ivan"]
[Result "1-0"]
[WhiteElo "1711"]
[BlackElo "1790"]
[PlyCount "85"]
[EventDate "2010.04.30"]
[EventType "swiss"]
[EventRounds "9"]
[EventCountry "BUL"]
[SourceTitle "CBM 136 Extra"]
[Source "ChessBase"]
[SourceDate "2010.07.02"]
[SourceVersion "2"]
[SourceVersionDate "2010.07.15"]
[SourceQuality "1"]

1. e4 g6 2. d4 Bg7 3. Nc3 d6 4. f3 Nc6 5. Be3 e5 6. d5 Nce7 7. Qd2 h6 8. 0-0-0 a6 9. h3 f5 10. f4 exf4 11. Bxf4 g5 12. Bh2 f4 13. g3 fxg3 14. Bxg3 Ng6 15. Re1 Qf6 16. Rh2 N8e7 17. Bd3 Ne5 18. Be2 N7g6 19. Rf2 Qe7 20. Bh5 Kd8 21. Ref1 Rf8 22. Rxf8+ Bxf8 23. Qf2 Bg7 24. Nce2 Bd7 25. Nd4 c5 26. Nf5 Bxf5 27. Qxf5 Nf8 28. Bxe5 dxe5 29. Qf7 Nd7 30. Qxe7+ Kxe7 31. Rf7+ Kd6 32. Rxg7 Nf6 33. Bf3 Rf8 34. Kd2 b5 35. Ra7 c4 36. Rxa6+ Kc5 37. Rc6+ Kb4 38. a3+ Ka5 39. b4+ cxb3 40. cxb3 h5 41. b4+ Ka4 42. Kc3 Ra8 43. Rxf6 1-0